[Event "WYCC 2018 O18"]
[Site "Halkidiki"]
[Date "2018.10.27"]
[Round "8"]
[White "Lindbol, Aleksander"]
[Black "Ioannidis, Evgenios"]
[Result "1/2-1/2"]
[WhiteElo "2166"]
[BlackElo "2407"]
[Annotator "NA"]
[PlyCount "98"]
[EventDate "2018.10.20"]
[EventType "swiss"]
[EventCountry "GRE"]
[SourceTitle "playchess.com"]
[Source "ChessBase"]
[SourceQuality "1"]
[TimeControl "40/5400+30:1800+30"]

1. e4 {[%emt 0:00:00]} c5 {[%emt 0:00:00]} 2. Nf3 {[%emt 0:00:00]} d6 {[%emt 0:00:26]} 3. d4 {[%emt 0:00:21]} cxd4 {[%emt 0:00:45]} 4. Nxd4 {[%emt 0:00:08]} Nf6 {[%emt 0:00:16]} 5. Nc3 {[%emt 0:00:14]} a6 {[%emt 0:00:29]} 6. f3 {[%emt 0:00:31]} e6 {[%emt 0:00:45]} 7. Be3 {[%emt 0:04:41]} b5 {[%emt 0:00:59]} 8. Qd2 {[%emt 0:01:58]} Nbd7 {[%emt 0:01:08]} 9. O-O-O {[%emt 0:03:12]} Bb7 {[%emt 0:01:09]} 10. g4 {[%emt 0:03:15]} Nb6 {[%emt 0:01:07]} 11. a3 {[%emt 0:08:56] LiveBook: 38 Games} Be7 {[%emt 0:01:54]} 12. h4 {[%emt 0:16:24]} Rc8 {[%emt 0:03:25]} 13. h5 $15 {[%emt 0:04:08]} (13. g5 $11 Nfd7 14. h5) 13... h6 {[%emt 0:10:31]} 14. g5 {[%emt 0:15:55]} hxg5 {[%emt 0:00:06]} 15. Bxg5 {[%emt 0:00:12]} Nxh5 {[%emt 0:01:36]} 16. Bxe7 {[%emt 0:06:29]} Qxe7 {[%emt 0:00:06]} 17. f4 {[%emt 0:02:10]} d5 {[%emt 0:10:28]} 18. exd5 {[%emt 0:06:31]} Nxd5 {[%emt 0:06:52]} 19. Nxd5 {[%emt 0:01:18]} Bxd5 20. Nf5 {[%emt 0:01:15]} exf5 {[%emt 0:27:15]} 21. Qxd5 {[%emt 0:00:11]} Rd8 {[%emt 0:00:34]} 22. Qf3 {[%emt 0:16:54]} Rxd1+ {[%emt 0:02:45]} 23. Qxd1 {[%emt 0:00:06]} Rh6 {[%emt 0:04:55]} 24. Rxh5 {[%emt 0:02:25]} Qe3+ {[%emt 0:00:06]} 25. Kb1 {[%emt 0:00:03]} Rxh5 {[%emt 0:00:05]} 26. Qxh5 {[%emt 0:00:04]} Qe1+ {[%emt 0:00:02]} 27. Ka2 {[%emt 0:00:07]} Qxf1 {[%emt 0:00:04]} 28. Qxf5 {[%emt 0:00:09]} Qc4+ {[%emt 0:00:17]} 29. b3 {[%emt 0:00:29]} Qe6 {[%emt 0:00:35]} 30. Qc5 {[%emt 0:01:06]} g6 {[%emt 0:01:52]} 31. Qd4 {[%emt 0:00:55]} Ke7 {[%emt 0:00:34]} 32. a4 {[%emt 0:01:45]} Qc6 {[%emt 0:03:57]} 33. Qe5+ {[%emt 0:01:43]} Kd7 {[%emt 0:00:26]} 34. Qd4+ {[%emt 0:01:01]} Kc8 {[%emt 0:01:30]} 35. axb5 {[%emt 0:01:28]} Qxc2+ {[%emt 0:02:38]} 36. Ka3 {[%emt 0:00:05]} a5 {[%emt 0:04:30]} 37. b6 {[%emt 0:00:44]} Kb7 {[%emt 0:02:18]} 38. Qd7+ {[%emt 0:00:08]} Kxb6 {[%emt 0:00:04]} 39. Qxf7 {[%emt 0:00:05]} Qe4 {[%emt 0:01:05]} 40. Qf8 {[%emt 0:00:00]} Qc6 {[%emt 0:00:00]} 41. Qd8+ {[%emt 0:01:54]} Ka6 {[%emt 0:04:18]} 42. Qd4 {[%emt 0:01:08]} Qe6 {[%emt 0:07:55]} 43. Ka4 {[%emt 0:02:43]} Qe8+ {[%emt 0:00:30]} 44. Ka3 {[%emt 0:00:07]} Qc6 {[%emt 0:00:04]} 45. Qe5 {[%emt 0:00:31]} Kb6 {[%emt 0:01:30]} 46. Qb8+ {[%emt 0:01:07]} Kc5 {[%emt 0:00:34]} 47. Qe5+ {[%emt 0:00:06]} Kb6 {[%emt 0:00:03]} 48. Qb8+ {[%emt 0:00:06]} Kc5 {[%emt 0:00:20]} 49. Qe5+ {[%emt 0:00:07]} Kb6 {[%emt 0:00:05]} 1/2-1/2

[Event "WYCC 2018 O18"]
[Site "Halkidiki"]
[Date "2018.10.27"]
[Round "8"]
[White "Pedoson, Georg Aleksander"]
[Black "Szabo, Marton Mihaly"]
[Result "1-0"]
[WhiteElo "2162"]
[BlackElo "2307"]
[Annotator "NA"]
[PlyCount "109"]
[EventDate "2018.10.20"]
[EventType "swiss"]
[EventCountry "GRE"]
[SourceTitle "playchess.com"]
[Source "ChessBase"]
[SourceQuality "1"]
[TimeControl "40/5400+30:1800+30"]

1. c4 {[%emt 0:00:00]} b6 {[%emt 0:00:00]} 2. Nc3 {[%emt 0:00:00]} Bb7 {[%emt 0:00:00]} 3. d4 {[%emt 0:01:06]} e6 {[%emt 0:00:14]} 4. e4 {[%emt 0:04:07]} Bb4 {[%emt 0:00:26]} 5. Bd3 {[%emt 0:00:20]} f5 6. f3 {[%emt 0:01:56]} Qh4+ {[%emt 0:01:02]} 7. g3 {[%emt 0:00:41]} Qh5 {[%emt 0:00:19]} 8. d5 {[%emt 0:12:37]} (8. exf5 $14 exf5 9. Kf1) 8... fxe4 {[%emt 0:22:42]} 9. fxe4 {[%emt 0:00:25]} Qxd1+ {[%emt 0:00:17]} 10. Kxd1 {[%emt 0:00:06]} Bxc3 $15 {[%emt 0:01:02]} 11. bxc3 {[%emt 0:00:06]} Nf6 {[%emt 0:12:59]} 12. Nf3 {[%emt 0:03:56]} O-O {[%emt 0:08:00]} 13. Rf1 {[%emt 0:03:42]} exd5 {[%emt 0:08:56]} 14. cxd5 {[%emt 0:03:22]} Re8 {[%emt 0:04:13]} 15. Re1 {[%emt 0:04:08]} d6 {[%emt 0:01:48]} 16. Bf4 {[%emt 0:05:47]} Nbd7 {[%emt 0:02:57]} 17. Kc2 {[%emt 0:00:15]} Nc5 {[%emt 0:02:09]} 18. Nd2 {[%emt 0:00:11]} h6 {[%emt 0:02:00]} 19. h4 {[%emt 0:02:55]} Re7 {[%emt 0:03:29]} 20. Re3 {[%emt 0:05:52]} Rae8 {[%emt 0:14:34]} 21. Rae1 {[%emt 0:00:38]} Bc8 {[%emt 0:04:00]} 22. c4 {[%emt 0:02:43]} Bg4 {[%emt 0:02:48]} 23. e5 {[%emt 0:02:12]} Nxd3 {[%emt 0:01:26]} 24. Kxd3 {[%emt 0:00:05]} Bf5+ {[%emt 0:00:25]} 25. Kd4 {[%emt 0:00:54]} Ng4 {[%emt 0:01:16]} 26. R3e2 {[%emt 0:00:51]} dxe5+ {[%emt 0:04:37]} 27. Bxe5 {[%emt 0:00:09]} Bg6 {[%emt 0:01:07]} 28. Nb3 {[%emt 0:04:04]} a5 {[%emt 0:00:38]} 29. Nc1 {[%emt 0:00:45]} Rd8 {[%emt 0:00:31]} 30. Bf4 {[%emt 0:00:52]} Red7 {[%emt 0:00:33]} 31. Re7 {[%emt 0:00:47]} Kf8 {[%emt 0:00:11]} 32. R7e6 {[%emt 0:00:52]} Nf6 {[%emt 0:00:44]} 33. Bxh6 {[%emt 0:03:05]} Nxd5 {[%emt 0:00:28]} 34. cxd5 {[%emt 0:00:05]} Rxd5+ {[%emt 0:00:15]} 35. Kc3 {[%emt 0:00:24]} Rc5+ {[%emt 0:00:44]} 36. Kb2 {[%emt 0:00:28]} Bf7 {[%emt 0:00:33]} 37. Bg5 {[%emt 0:00:37]} Rb5+ {[%emt 0:00:22]} 38. Ka3 {[%emt 0:00:17]} Rd4 {[%emt 0:00:39]} 39. R6e4 {[%emt 0:00:32]} Rd7 {[%emt 0:00:27]} 40. R1e3 {[%emt 0:00:00]} Rd1 {[%emt 0:00:00]} 41. Rc3 {[%emt 0:01:57]} c5 {[%emt 0:01:11]} 42. Rd3 {[%emt 0:04:10]} Rxd3+ {[%emt 0:00:16]} 43. Nxd3 {[%emt 0:00:03]} Rb1 {[%emt 0:01:11]} 44. Ne5 {[%emt 0:00:10]} Be8 {[%emt 0:00:47]} 45. Rf4+ {[%emt 0:09:11]} Kg8 {[%emt 0:00:06]} 46. Be7 {[%emt 0:00:06]} Kh7 {[%emt 0:00:49]} 47. Rf8 {[%emt 0:02:55]} Re1 {[%emt 0:03:51]} 48. Bd6 {[%emt 0:00:30]} Re3+ {[%emt 0:04:03]} 49. Kb2 {[%emt 0:00:05]} Re2+ {[%emt 0:00:32]} 50. Kc3 {[%emt 0:00:06]} Ba4 {[%emt 0:00:25]} 51. g4 {[%emt 0:01:12]} Bc2 {[%emt 0:04:08]} 52. h5 {[%emt 0:11:34]} g6 {[%emt 0:02:28]} 53. Rf7+ {[%emt 0:00:59]} Kh6 {[%emt 0:01:21]} 54. Bf8+ {[%emt 0:05:12]} Kg5 {[%emt 0:00:18]} 55. Be7+ {[%emt 0:00:04]} 1-0

[Event "WYCC 2018 O18"]
[Site "Halkidiki"]
[Date "2018.10.27"]
[Round "8"]
[White "Dallemagne, Maximilien"]
[Black "Bratkovic, Jakob"]
[Result "1-0"]
[WhiteElo "2094"]
[BlackElo "2242"]
[Annotator "NA"]
[PlyCount "97"]
[EventDate "2018.10.20"]
[EventType "swiss"]
[EventCountry "GRE"]
[SourceTitle "playchess.com"]
[Source "ChessBase"]
[SourceQuality "1"]
[TimeControl "40/5400+30:1800+30"]

1. d4 {[%emt 0:00:00]} Nf6 {[%emt 0:03:15]} 2. Nf3 {[%emt 0:00:00]} e6 {[%emt 0:00:53]} 3. g3 {[%emt 0:00:00]} b6 {[%emt 0:02:33]} 4. Bg2 {[%emt 0:00:13]} Bb7 {[%emt 0:00:05]} 5. O-O {[%emt 0:00:12]} c5 6. e3 {[%emt 0:04:30]} Be7 {[%emt 0:03:12]} 7. Nc3 {[%emt 0:04:12]} O-O {[%emt 0:04:15]} 8. Re1 {[%emt 0:02:49]} d5 {[%emt 0:13:02]} 9. Ne5 {[%emt 0:05:40]} Nbd7 {[%emt 0:01:48]} 10. Nxd7 {[%emt 0:09:41]} Qxd7 {[%emt 0:04:11]} 11. Ne2 {[%emt 0:04:02]} cxd4 {[%emt 0:09:17]} 12. exd4 {[%emt 0:00:38]} Rfc8 {[%emt 0:00:18]} 13. Nf4 {[%emt 0:04:46]} b5 {[%emt 0:00:54]} 14. Bh3 {[%emt 0:09:11]} Kh8 {[%emt 0:01:46]} 15. Nxe6 {[%emt 0:05:38]} fxe6 {[%emt 0:00:29]} 16. Bxe6 {[%emt 0:00:02]} Qc7 {[%emt 0:12:58]} 17. Bf4 {[%emt 0:02:51]} Bd6 {[%emt 0:01:13]} 18. Bxc8 {[%emt 0:01:39]} Rxc8 {[%emt 0:00:00]} 19. Bxd6 {[%emt 0:03:48]} Qxd6 {[%emt 0:07:23]} 20. a3 {[%emt 0:00:30]} Ne4 {[%emt 0:03:34]} 21. Kg2 {[%emt 0:15:24]} Qd7 {[%emt 0:00:12]} 22. f3 {[%emt 0:00:30]} Ng5 {[%emt 0:00:30]} 23. Re3 {[%emt 0:01:39]} h6 {[%emt 0:08:49]} 24. Qe2 {[%emt 0:00:59]} Rf8 {[%emt 0:04:13]} 25. Re1 {[%emt 0:08:11]} Bc6 {[%emt 0:09:32]} 26. g4 {[%emt 0:08:33]} h5 {[%emt 0:01:45]} 27. Re7 {[%emt 0:01:32]} Qd6 {[%emt 0:01:57]} 28. Qe5 {[%emt 0:00:59]} Qxe5 {[%emt 0:00:20]} 29. R1xe5 {[%emt 0:00:17]} Nxf3 {[%emt 0:00:03]} 30. Rxh5+ {[%emt 0:00:57]} Kg8 {[%emt 0:02:38]} 31. c3 a5 32. Kg3 {[%emt 0:02:13]} b4 {[%emt 0:01:11]} 33. axb4 {[%emt 0:01:12]} axb4 {[%emt 0:00:04]} 34. Rf5 {[%emt 0:00:23]} Rxf5 {[%emt 0:01:24]} 35. gxf5 {[%emt 0:00:02]} Nd2 {[%emt 0:00:06]} 36. cxb4 {[%emt 0:01:14]} Nb3 {[%emt 0:00:03]} 37. Kf4 {[%emt 0:00:44]} Nxd4 {[%emt 0:00:19]} 38. Ke5 {[%emt 0:01:05]} Nc2 {[%emt 0:00:24]} 39. Kd6 {[%emt 0:00:48]} Ba4 {[%emt 0:01:58]} 40. Ra7 {[%emt 0:00:00]} Bb3 {[%emt 0:00:00]} 41. b5 {[%emt 0:09:55]} d4 {[%emt 0:04:45]} 42. b6 {[%emt 0:03:30]} d3 {[%emt 0:00:04]} 43. Kc5 {[%emt 0:00:25]} Bd5 {[%emt 0:01:10]} 44. Rd7 {[%emt 0:00:49]} Ne3 {[%emt 0:00:06]} 45. Rxd5 {[%emt 0:08:30]} Nxd5 {[%emt 0:00:13]} 46. b7 {[%emt 0:00:01]} d2 {[%emt 0:00:07]} 47. b8=Q+ {[%emt 0:00:07]} Kh7 {[%emt 0:00:03]} 48. Qb3 {[%emt 0:00:14]} Ne3 {[%emt 0:00:02]} 49. f6 {[%emt 0:00:15]} 1-0

[Event "WYCC 2018 O18"]
[Site "Halkidiki"]
[Date "2018.10.27"]
[Round "8"]
[White "Olimjonov, Sarvarbek"]
[Black "Martinez Fernandez, Adrian"]
[Result "1-0"]
[WhiteElo "2074"]
[BlackElo "2277"]
[Annotator "NA"]
[PlyCount "105"]
[EventDate "2018.10.20"]
[EventType "swiss"]
[EventCountry "GRE"]
[SourceTitle "playchess.com"]
[Source "ChessBase"]
[SourceQuality "1"]
[TimeControl "40/5400+30:1800+30"]

1. b3 {[%emt 0:00:54]} b6 {[%emt 0:05:01]} 2. Bb2 {[%emt 0:00:18]} Bb7 {[%emt 0:00:07]} 3. e3 {[%emt 0:00:09]} e6 4. d4 {[%emt 0:02:34]} Nf6 {[%emt 0:00:26]} 5. Nf3 {[%emt 0:00:19]} d6 {[%emt 0:02:55]} 6. Bd3 {[%emt 0:02:41]} Ne4 {[%emt 0:09:39]} 7. Nbd2 {[%emt 0:03:52]} f5 $14 {[%emt 0:00:09]} 8. c4 {[%emt 0:01:42]} Nd7 {[%emt 0:00:22]} 9. Qc2 {[%emt 0:04:29]} Nxd2 {[%emt 0:05:22]} 10. Qxd2 {[%emt 0:00:41]} Nf6 {[%emt 0:00:42]} 11. d5 {[%emt 0:08:49]} exd5 {[%emt 0:15:02]} 12. cxd5 {[%emt 0:07:27]} Bxd5 {[%emt 0:00:55]} 13. Bxf5 {[%emt 0:04:11]} g6 {[%emt 0:05:48]} 14. Bh3 {[%emt 0:11:30]} Bg7 {[%emt 0:04:12]} 15. Ng5 {[%emt 0:07:32]} c6 {[%emt 0:14:57]} 16. O-O {[%emt 0:02:33]} h6 {[%emt 0:04:26]} 17. e4 {[%emt 0:05:28]} Bg8 {[%emt 0:03:36]} 18. Nf3 {[%emt 0:05:09]} Bf7 {[%emt 0:04:23]} 19. Nd4 {[%emt 0:01:44]} c5 {[%emt 0:01:56]} 20. Nb5 {[%emt 0:01:46]} O-O {[%emt 0:00:28]} 21. f3 {[%emt 0:06:09]} Ne8 {[%emt 0:07:16]} 22. Bxg7 {[%emt 0:01:06]} Kxg7 {[%emt 0:00:01]} 23. Rad1 {[%emt 0:00:51]} d5 {[%emt 0:01:34]} 24. exd5 {[%emt 0:00:37]} Nd6 {[%emt 0:00:13]} 25. Nc3 {[%emt 0:01:30]} Re8 {[%emt 0:00:01]} 26. Rfe1 {[%emt 0:01:12]} Qh4 {[%emt 0:01:02]} 27. Be6 {[%emt 0:01:51]} Nf5 {[%emt 0:06:41]} 28. Nb5 {[%emt 0:06:00]} Rad8 {[%emt 0:01:59]} 29. Bxf7 {[%emt 0:03:41]} Kxf7 {[%emt 0:00:02]} 30. Rxe8 {[%emt 0:00:29]} Rxe8 {[%emt 0:00:01]} 31. g4 {[%emt 0:03:18]} Nd4 {[%emt 0:03:49]} 32. Nxd4 {[%emt 0:00:13]} cxd4 {[%emt 0:00:01]} 33. Qf2 {[%emt 0:00:24]} Qf6 {[%emt 0:02:44]} 34. Qxd4 {[%emt 0:00:20]} Qd6 {[%emt 0:00:30]} 35. Rd2 {[%emt 0:02:06]} Re1+ {[%emt 0:00:34]} 36. Kg2 {[%emt 0:00:12]} h5 {[%emt 0:00:16]} 37. g5 {[%emt 0:01:57]} Re5 {[%emt 0:00:38]} 38. f4 {[%emt 0:00:59]} Re1 {[%emt 0:00:30]} 39. h3 {[%emt 0:01:00]} Qe7 {[%emt 0:00:36]} 40. d6 {[%emt 0:00:00]} Re2+ {[%emt 0:00:00]} 41. Kf3 {[%emt 0:02:03]} Rxd2 {[%emt 0:00:33]} 42. Qxd2 {[%emt 0:00:07]} Qe6 {[%emt 0:02:31]} 43. Kg3 {[%emt 0:08:59]} Ke8 {[%emt 0:00:49]} 44. Qc3 {[%emt 0:02:42]} Qxd6 {[%emt 0:16:25]} 45. Qe5+ {[%emt 0:00:22]} Kd7 {[%emt 0:00:23]} 46. Qxd6+ {[%emt 0:00:23]} Kxd6 {[%emt 0:00:05]} 47. f5 {[%emt 0:00:16]} gxf5 {[%emt 0:00:18]} 48. Kf4 {[%emt 0:00:05]} Ke6 {[%emt 0:00:16]} 49. h4 {[%emt 0:00:03]} b5 {[%emt 0:00:48]} 50. b4 {[%emt 0:00:04]} a6 {[%emt 0:00:21]} 51. a3 {[%emt 0:00:03]} Kd5 {[%emt 0:00:03]} 52. Kxf5 {[%emt 0:00:05]} Kd6 {[%emt 0:00:35]} 53. Ke4 {Kd5+} 1-0

[Event "WYCC 2018 O18"]
[Site "Halkidiki"]
[Date "2018.10.27"]
[Round "8"]
[White "Gonzalez Carrillo, Javier Omar"]
[Black "Risting, Eivind Olav"]
[Result "0-1"]
[WhiteElo "2031"]
[BlackElo "2299"]
[Annotator "NA"]
[PlyCount "52"]
[EventDate "2018.10.20"]
[EventType "swiss"]
[EventCountry "GRE"]
[SourceTitle "playchess.com"]
[Source "ChessBase"]
[SourceQuality "1"]
[TimeControl "40/5400+30:1800+30"]

1. e4 {[%emt 0:00:03]} c6 {[%emt 0:00:00]} 2. Nc3 {[%emt 0:01:58]} d5 {[%emt 0:00:07]} 3. Nf3 {[%emt 0:00:05]} Nf6 {[%emt 0:02:41]} 4. Qe2 {[%emt 0:04:20]} Bg4 {[%emt 0:10:04]} 5. h3 {[%emt 0:02:53]} Bxf3 {[%emt 0:00:40]} 6. Qxf3 {[%emt 0:00:04]} e6 $11 {[%emt 0:04:16] LiveBook: 3 Games} 7. d3 {[%emt 0:07:53]} Nbd7 {[%emt 0:03:45]} 8. g3 {[%emt 0:03:55]} Bb4 {[%emt 0:02:18]} 9. Bd2 {[%emt 0:02:46]} d4 {[%emt 0:08:09]} 10. Nb1 {[%emt 0:00:22]} Qb6 {[%emt 0:00:45]} 11. c3 {[%emt 0:02:53]} Bc5 {[%emt 0:01:47]} 12. b3 {[%emt 0:06:27]} a5 {[%emt 0:01:26]} 13. Bg2 {[%emt 0:02:32]} Ne5 {[%emt 0:03:43]} 14. Qe2 {[%emt 0:01:02]} dxc3 {[%emt 0:00:24]} 15. Bxc3 {[%emt 0:09:10]} Bxf2+ {[%emt 0:00:33]} 16. Kf1 {[%emt 0:00:21]} Bd4 {[%emt 0:04:31]} 17. Qb2 {[%emt 0:07:12]} O-O-O {[%emt 0:03:06]} 18. Bxd4 {[%emt 0:04:38]} Qxd4 {[%emt 0:02:32]} 19. Qxd4 {[%emt 0:00:44]} Rxd4 {[%emt 0:00:06]} 20. Kf2 {[%emt 0:04:09]} Rxd3 {[%emt 0:00:43]} 21. Re1 {[%emt 0:00:40]} Rhd8 {[%emt 0:02:27]} 22. Na3 {[%emt 0:02:32]} Nh5 {[%emt 0:01:21]} 23. Re3 {[%emt 0:14:05]} Rxe3 {[%emt 0:00:35]} 24. Kxe3 {[%emt 0:00:02]} Rd3+ {[%emt 0:00:18]} 25. Kf2 {[%emt 0:00:15]} Rd2+ {[%emt 0:00:26]} 26. Kg1 {[%emt 0:04:16]} Nxg3 {[%emt 0:00:14]} 0-1

[Event "WYCC 2018 O18"]
[Site "Halkidiki"]
[Date "2018.10.27"]
[Round "8"]
[White "Talmaci, Alexandru"]
[Black "Veleshnja, Zino"]
[Result "1/2-1/2"]
[WhiteElo "2009"]
[BlackElo "2155"]
[Annotator "NA"]
[PlyCount "93"]
[EventDate "2018.10.20"]
[EventType "swiss"]
[EventCountry "GRE"]
[SourceTitle "playchess.com"]
[Source "ChessBase"]
[SourceQuality "1"]
[TimeControl "40/5400+30:1800+30"]

1. d4 {[%emt 0:00:00]} Nf6 {[%emt 0:00:00]} 2. c4 {[%emt 0:00:00]} e6 {[%emt 0:00:00]} 3. Nf3 {[%emt 0:01:02]} Bb4+ {[%emt 0:00:00]} 4. Nbd2 {[%emt 0:01:20]} b6 5. g3 {[%emt 0:09:43]} Bb7 {[%emt 0:00:00]} 6. Bg2 {[%emt 0:01:29]} d6 {[%emt 0:00:07]} 7. Qa4+ {[%emt 0:09:40]} Nc6 {[%emt 0:01:30]} 8. d5 {[%emt 0:09:16]} exd5 {[%emt 0:00:53]} 9. cxd5 {[%emt 0:00:13]} Nxd5 {[%emt 0:12:45]} 10. Nd4 {[%emt 0:08:00]} Qd7 {[%emt 0:05:13]} 11. Bxd5 {[%emt 0:02:10]} Nxd4 {[%emt 0:00:09]} 12. Qxd7+ {[%emt 0:00:06]} Kxd7 {[%emt 0:00:04]} 13. Bxb7 {[%emt 0:00:14]} Nc2+ {[%emt 0:17:52]} 14. Kd1 {[%emt 0:00:09]} Nxa1 {[%emt 0:00:05]} 15. Bxa8 {[%emt 0:00:12]} Rxa8 {[%emt 0:00:05]} 16. Nf3 {[%emt 0:04:10]} a5 {[%emt 0:03:46]} 17. Bd2 {[%emt 0:01:15]} Bc5 {[%emt 0:02:03]} 18. e3 {[%emt 0:01:08]} a4 {[%emt 0:03:43]} 19. Kc1 {[%emt 0:01:51]} Nb3+ {[%emt 0:03:34]} 20. axb3 {[%emt 0:00:06]} axb3 {[%emt 0:00:03]} 21. Kb1 {[%emt 0:00:05]} Re8 {[%emt 0:03:02]} 22. Bc3 {[%emt 0:03:27]} f6 {[%emt 0:07:26]} 23. Nd2 {[%emt 0:00:32]} b5 {[%emt 0:00:53]} 24. Nxb3 {[%emt 0:00:22]} Bb6 {[%emt 0:00:03]} 25. Kc2 {[%emt 0:01:45]} c5 {[%emt 0:00:14]} 26. Rd1 {[%emt 0:00:59]} b4 {[%emt 0:00:41]} 27. Be1 {[%emt 0:00:54]} Kc6 {[%emt 0:00:21]} 28. Nd2 {[%emt 0:01:51]} d5 {[%emt 0:03:14]} 29. Nf3 {[%emt 0:02:11]} Ra8 {[%emt 0:02:29]} 30. Kb1 {[%emt 0:10:47]} Ra4 {[%emt 0:02:21]} 31. b3 {[%emt 0:00:44]} Ra3 {[%emt 0:01:10]} 32. Kb2 {[%emt 0:00:34]} c4 {[%emt 0:00:41]} 33. bxc4 {[%emt 0:01:07]} dxc4 {[%emt 0:00:15]} 34. Nd4+ {[%emt 0:00:26]} Bxd4+ {[%emt 0:01:22]} 35. exd4 {[%emt 0:01:13]} c3+ {[%emt 0:04:19]} 36. Kc2 {[%emt 0:02:06]} Kd5 {[%emt 0:02:26]} 37. Kd3 {[%emt 0:01:43]} Ra2 {[%emt 0:05:19]} 38. Rc1 {[%emt 0:00:50]} f5 {[%emt 0:02:56]} 39. h4 {[%emt 0:00:45]} g6 {[%emt 0:00:15]} 40. f3 {[%emt 0:00:00]} h6 {[%emt 0:00:00]} 41. f4 {[%emt 0:08:13]} h5 {[%emt 0:00:57]} 42. Bxc3 {[%emt 0:07:28]} Ra3 {[%emt 0:08:11]} 43. Kd2 {[%emt 0:00:44]} bxc3+ {[%emt 0:00:06]} 44. Rxc3 {[%emt 0:00:06]} Ra4 {[%emt 0:00:29]} 45. Ke3 {[%emt 0:00:55]} Rxd4 {[%emt 0:04:01]} 46. Rd3 {[%emt 0:01:36]} Rxd3+ {[%emt 0:00:06]} 47. Kxd3 1/2-1/2

[Event "WYCC 2018 O18"]
[Site "Halkidiki"]
[Date "2018.10.27"]
[Round "8"]
[White "Manu David Suthandram R"]
[Black "Kandil, Adham"]
[Result "1/2-1/2"]
[WhiteElo "1970"]
[BlackElo "2292"]
[Annotator "NA"]
[PlyCount "72"]
[EventDate "2018.10.20"]
[EventType "swiss"]
[EventCountry "GRE"]
[SourceTitle "playchess.com"]
[Source "ChessBase"]
[SourceQuality "1"]
[TimeControl "40/5400+30:1800+30"]

1. b3 {[%emt 0:00:06]} Nf6 {[%emt 0:03:10]} 2. Bb2 {[%emt 0:00:08]} e6 {[%emt 0:00:05]} 3. e3 {[%emt 0:00:24]} Be7 {[%emt 0:00:23]} 4. Nf3 {[%emt 0:00:07]} c5 {[%emt 0:00:22]} 5. c4 {[%emt 0:01:31]} O-O 6. Be2 {[%emt 0:01:57]} d5 {[%emt 0:01:58]} 7. O-O {[%emt 0:00:46]} Nc6 {[%emt 0:02:14]} 8. d4 {[%emt 0:01:24]} cxd4 {[%emt 0:01:01]} 9. Nxd4 {[%emt 0:01:22]} Re8 {[%emt 0:04:09]} 10. Bf3 {[%emt 0:01:41]} Ne5 $11 {[%emt 0:06:09]} 11. Be2 {[%emt 0:00:09]} dxc4 {[%emt 0:01:43]} 12. bxc4 {[%emt 0:01:12]} Ned7 {[%emt 0:06:49]} 13. Nb5 {[%emt 0:06:29]} Qb6 {[%emt 0:05:59]} 14. Bd4 {[%emt 0:04:01]} Nc5 {[%emt 0:02:14]} 15. N1c3 {[%emt 0:09:22]} Qa5 {[%emt 0:00:51]} 16. Qe1 {[%emt 0:13:53]} Kf8 {[%emt 0:18:59]} 17. Be5 {[%emt 0:04:56]} Bd7 {[%emt 0:13:12]} 18. Nc7 {[%emt 0:09:04]} Nd3 {[%emt 0:01:03]} 19. Bxd3 {[%emt 0:00:57]} Qxe5 {[%emt 0:00:06]} 20. Nxe8 {[%emt 0:02:07]} Bxe8 {[%emt 0:00:36]} 21. f4 {[%emt 0:01:13]} Qh5 {[%emt 0:01:27]} 22. Qe2 {[%emt 0:03:45]} Bc5 {[%emt 0:04:24]} 23. Nd1 {[%emt 0:03:50]} Qh4 {[%emt 0:01:11]} 24. Rf3 {[%emt 0:02:35]} Bc6 {[%emt 0:01:32]} 25. Qf2 {[%emt 0:04:21]} Qxf2+ {[%emt 0:03:49]} 26. Rxf2 {[%emt 0:03:47]} Rd8 {[%emt 0:00:58]} 27. Bc2 {[%emt 0:02:33]} Ne4 {[%emt 0:03:13]} 28. Re2 {[%emt 0:00:30]} h6 {[%emt 0:00:51]} 29. Bxe4 {[%emt 0:01:10]} Bxe4 {[%emt 0:00:02]} 30. Nf2 {[%emt 0:00:07]} Bd3 {[%emt 0:01:38]} 31. Nxd3 {[%emt 0:02:36]} Rxd3 {[%emt 0:00:03]} 32. Kf2 {[%emt 0:00:05]} Rc3 {[%emt 0:00:06]} 33. Rd1 {[%emt 0:00:06]} Ke7 {[%emt 0:00:03]} 34. Kf3 {[%emt 0:03:48]} b6 {[%emt 0:00:09]} 35. g4 {[%emt 0:01:37]} a5 {[%emt 0:02:16]} 36. h4 {[%emt 0:00:12]} g6 1/2-1/2

[Event "WYCC 2018 O18"]
[Site "Halkidiki"]
[Date "2018.10.27"]
[Round "8"]
[White "Tanide, Gabriel Masaharu"]
[Black "Ranaldi, Lucas"]
[Result "0-1"]
[WhiteElo "1519"]
[BlackElo "2335"]
[Annotator "NA"]
[PlyCount "62"]
[EventDate "2018.10.20"]
[EventType "swiss"]
[EventCountry "GRE"]
[SourceTitle "playchess.com"]
[Source "ChessBase"]
[SourceQuality "1"]
[TimeControl "40/5400+30:1800+30"]

1. e4 c5 2. d3 Nc6 3. Nc3 g6 4. g3 Bg7 5. Bg2 e6 6. f4 Nge7 7. Nf3 O-O 8. O-O d6 9. Ne2 Nd4 {[%emt 0:11:58]} 10. c3 {[%emt 0:04:12]} Nxf3+ {[%emt 0:00:58]} 11. Bxf3 {[%emt 0:00:19]} Rb8 {[%emt 0:02:41]} 12. Be3 {[%emt 0:00:35]} b5 {[%emt 0:01:12]} 13. d4 {[%emt 0:02:20]} Qc7 $11 {[%emt 0:00:34]} 14. Rc1 {[%emt 0:09:03]} Bb7 {[%emt 0:03:29]} 15. b4 {[%emt 0:05:10]} c4 {[%emt 0:07:51]} 16. Qc2 {[%emt 0:10:59]} f5 {[%emt 0:01:44]} 17. Rcd1 {[%emt 0:12:09]} a5 {[%emt 0:03:48]} 18. a3 {[%emt 0:04:24]} Ra8 {[%emt 0:01:43]} 19. d5 {[%emt 0:01:24]} fxe4 {[%emt 0:00:51]} 20. Qxe4 {[%emt 0:09:00]} Bxd5 {[%emt 0:00:25]} 21. Rxd5 {[%emt 0:00:35]} exd5 {[%emt 0:01:08]} 22. Qe6+ {[%emt 0:00:36]} Kh8 {[%emt 0:09:49]} 23. Nd4 {[%emt 0:04:17]} Rae8 {[%emt 0:02:51]} 24. Nxb5 {[%emt 0:00:30]} Qb8 {[%emt 0:00:30]} 25. a4 {[%emt 0:07:05]} Nf5 {[%emt 0:00:50]} 26. Ba7 {[%emt 0:02:59]} Qxa7+ {[%emt 0:02:28]} 27. Nxa7 {[%emt 0:00:18]} Rxe6 {[%emt 0:00:09]} 28. Bxd5 {[%emt 0:00:16]} Ree8 {[%emt 0:02:13]} 29. Bc6 {[%emt 0:02:17]} axb4 {[%emt 0:01:15]} 30. Nb5 {[%emt 0:01:01]} bxc3 {[%emt 0:00:30]} 31. Rd1 {[%emt 0:00:47]} c2 {[%emt 0:00:57]} 0-1